Science Quiz

Random Science or Animal Quiz

Fish Quiz Stats

Quiz Updated Jul 17, 2013

Also try: Birds
Challenge
Share
Tweet
Score 0/25 Timer 06:00
8 Plays Today
# Fish % Correct
1Comet Goldfish
97.6%
6Channel Catfish
87.4%
22Orange Clownfish
87.1%
9Long-spine Porcupinefish
86.2%
10Altum Angelfish
65.4%
8Atlantic Blue Marlin
64.9%
2Black Flounder
64.8%
14Red Lionfish
53.2%
4Great Barracuda
52.3%
15Koi
51.6%
17Sockeye Salmon
44%
5Red-bellied Piranha
42.8%
19Humpback Anglerfish
42%
# Fish % Correct
21Largemouth Bass
38.4%
12Ocean Sunfish
35.1%
20Siamese Fighting Fish
31.5%
7Guppy
30.4%
24Neon Tetra
27.3%
13Spotted Gar
27%
16Stoplight Parrotfish
24.4%
3Regal Tang
22%
18Bluegill
18.6%
23Copperband Butterflyfish
13.4%
25Coelacanth
9.6%
11Moorish Idol
5.3%

You're not logged in!

Compare scores with friends on all Sporcle quizzes.
Sign Up with Email
OR
Log In

You Might Also Like...

Show Comments

Extras

Top Quizzes Today


Score Distribution

Your Account Isn't Verified!

In order to create a playlist on Sporcle, you need to verify the email address you used during registration. Go to your Sporcle Settings to finish the process.